Fundamentals of Human Sexuality / Fifth Edition (Record no. 3949)
[ view plain ]
| 000 -LEADER | |
|---|---|
| fixed length control field | 01139cam a22002054a 4500 |
| 005 - ΗΜΕΡΟΜΗΝΙΑ ΚΑΙ ΩΡΑ ΤΕΛΕΥΤΑΙΑΣ ΕΝΗΜΕΡΩΣΗΣ | |
| Πεδίο ελέγχου | 20250605164130.0 |
| 008 - FIXED-LENGTH DATA ELEMENTS--GENERAL INFORMATION | |
| Πεδίο ελέγχου σταθερού μήκους | 250528s ||||||||||||||||||||||||d |
| 035 ## - SYSTEM CONTROL NUMBER | |
| System control number | 18600 |
| 020 ## - ISBN | |
| ISBN | 30140684 |
| 040 ## - ΠΗΓΗ ΚΑΤΑΛΟΓΟΓΡΑΦΗΣΗΣ | |
| Φορέας πρωτότυπης καταλογογράφησης | MC Athens Campus Library |
| Γλώσσα καταλογογράφησης | Ελληνικά, Μοντέρνα (1453-) |
| Modifying agency | MC Athens Campus Library |
| Κανόνες περιγραφικής καταλογογράφησης | AACR2 |
| 245 1# - ΤΙΤΛΟΣ ΚΑΙ ΔΗΛΩΣΗ ΥΠΕΥΘΥΝΟΤΗΤΑΣ | |
| Τίτλος | Fundamentals of Human Sexuality / Fifth Edition |
| 250 ## - EDITION STATEMENT | |
| Edition statement | 5th |
| 260 ## - PUBLICATION, DISTRIBUTION, ETC. | |
| Name of publisher, distributor, etc. | Holt, Rinehart And Winston, |
| Date of publication, distribution, etc. | 1972 |
| 300 ## - PHYSICAL DESCRIPTION | |
| Extent | 762 |
| 520 ## - SUMMARY, ETC. | |
| Summary, etc. | Preface, Learning about Sexuality, Sexual Structure and Function, Sexual Anatomy, Sexual Physiology, Sex Hormones, Sexual Health and Illness, Sexual Reproduction, Pregnancy and Childbirth, Contraception and Abortion, Sexual Development, Sexual Development in Childhood, Sexuality in Adolescence and Adulthood, Gender and Sexuality, Varieties of Sexual Experience, Sexual Intimacy and Love, Marriage and Its Alternatives, Sexual Exploitation, Sexual Aggression, Sex and Society, Sexuality in Historical Perspective, Sexuality in Cultural Perspective, Sex and the Law, Sex and Morality, Glossary, References, Subject and Name Index. |
| 700 1# - ΠΡΟΣΘΕΤΗ ΑΝΑΓΡΑΦΗ--ΦΥΣΙΚΟ ΠΡΟΣΩΠΟ | |
| Personal name | Katchadourian Herant |
| 9 (RLIN) | 4863 |
| 942 ## - ADDED ENTRY ELEMENTS (KOHA) | |
| Koha item type | Books |
| Τύπος τεκμηρίου | Βιβλιοθήκη | Τρέχουσα τοποθεσία | Barcode | Αριθμός εισαγωγής | Ημερομηνία απόκτησης | Ταξιθετικό σύμβολο | Αριθμός αντιτύπου | Κατάσταση απόσυρσης | Κατάσταση χαμένου | Κατάσταση κατεστραμμένου | Μη δανεισμός | Σύνολο δανεισμών | Ημερομηνία τελευταίας εμφάνισης | Η τιμή ισχύει από |
|---|---|---|---|---|---|---|---|---|---|---|---|---|---|---|
| Books | MC Athens Campus Library | MC Athens Campus Library | 9780000039484 | 3504 | 05/06/2025 | 612/.6 KAT | 1 | 05/06/2025 | 05/06/2025 |